| 000 | 01816pab a2200193 454500 | ||
|---|---|---|---|
| 008 | 180718b2015 xxu||||| |||| 00| 0 eng d | ||
| 100 | _aSingh, Sujata | ||
| 245 | _aPolitical development and pressure groups: Revisiting their theoretical underpinnings | ||
| 260 | _c2015 | ||
| 300 | _ap.565-575. | ||
| 362 | _aJul-Sep | ||
| 520 | _aPressure groups or interest groups are at the core of democratic process. The origin of pressure groups is closely intertwined with the birth and growth of political parties. The umbilical bond between political parties and pressure groups remains complex. Pressure groups in Western democracies as well as in the developing countries have served as fertile ground for the creation of political parties. At the same time political parties have been instrumental in creating a large number of pressure groups serving as their satellites to represent varied interests. This especially applies to the larger political parties. However, development theorists have argued that the nature of pressure groups is largely dependent on the maturity of the political system. The development theories of the 1950s and '60s held that transitional societies suffered from lack of universalistic and rational orientations which in turn impacted on the organisation and functioning of interest groups in that they too exhibited the same orientations. The article tries to analyse the literature from varied sources in order to assess the role of political development in the growth of pressure groups. Their relevance to the present situation is also analysed. | ||
| 650 | _aPolitical parties - India | ||
| 650 | _aIndia - Politics and government | ||
| 650 | _aPolitics and government | ||
| 650 | _aInterest groups | ||
| 773 | _aIndian Journal of Public Administration | ||
| 909 | _a115546 | ||
| 999 |
_c115540 _d115540 |
||